| 000 | 00551nam a22001937a 4500 | ||
|---|---|---|---|
| 005 | 20251108173144.0 | ||
| 008 | 250721s2005 xx 000 0 ara d | ||
| 082 | 1 | 4 | _a344.05/عطا |
| 100 | 1 | _aالعطار، غادة | |
| 245 | 1 | 0 | _aحوادث السير و آثارها القانونية / |
| 250 | _aط 5 | ||
| 264 | 1 |
_aدمشق : _bالمكتبة القانونية، _c2005. |
|
| 300 | _a194ص | ||
| 650 | 1 | 7 | _aالقانون |
| 650 | 1 | 7 | _aحوادث السير |
| 650 | 1 | 7 | _aقانون السير |
| 942 |
_2ddc _cBK |
||
| 999 |
_c97323 _d97323 |
||